[Event "NOR ch"]
[Site "Fredrikstad"]
[Date "2003.07.05"]
[Round "1"]
[White "Lie, Espen"]
[Black "Ostenstad, Berge"]
[Result "0-1"]
[WhiteElo "2311"]
[BlackElo "2487"]
[PlyCount "78"]
[EventDate "2003.07.??"]

1. c4 g6 2. g3 Bg7 3. Bg2 e5 4. Nc3 d6 5. e4 Nc6 6. Nge2 f5 7. d3 Nh6 8. h4 Nf7
9. Be3 Nd4 10. h5 c6 11. Qd2 Qa5 12. Rb1 a6 13. b4 Qc7 14. a4 O-O 15. hxg6 hxg6
16. exf5 Bxf5 17. f3 Nxe2 18. Kxe2 Be6 19. a5 d5 20. Bb6 Qd7 21. cxd5 cxd5 22.
Rh2 e4 23. dxe4 d4 24. Nd5 Bxd5 25. exd5 Ne5 26. Qa2 Qb5+ 27. Kf2 Ng4+ 28. Kg1
Nxh2 29. Kxh2 Rae8 30. d6+ Kh7 31. Bc5 Re2 32. Qb3 Rxg2+ 33. Kxg2 Qe2+ 34. Kh1
Rxf3 35. Qb2 Qe4 36. Qh2+ Bh6 37. Rg1 Rf5+ 38. Rg2 Rf1+ 39. Qg1 Rxg1+ 0-1

[Event "NOR ch"]
[Site "Fredrikstad"]
[Date "2003.07.05"]
[Round "1"]
[White "Djurhuus, Rune"]
[Black "Hole, Oystein"]
[Result "1-0"]
[WhiteElo "2541"]
[BlackElo "2310"]
[PlyCount "67"]
[EventDate "2003.07.??"]

1. d4 d5 2. c4 c6 3. Nf3 Nf6 4. Nbd2 Bf5 5. Nh4 Bg6 6. Qb3 Qc7 7. Nxg6 hxg6 8.
cxd5 cxd5 9. Nf3 e6 10. Bf4 Qxf4 11. Qxb7 Qd6 12. Qxa8 Qc7 13. Ne5 Bd6 14. Nd3
O-O 15. Rc1 Qb6 16. e3 Rd8 17. Be2 Ne8 18. O-O Nc7 19. Rxc7 Qxc7 20. Rc1 Qb6
21. Rc2 Kh7 22. g3 Rd7 23. Rc3 Qa6 24. Rb3 Qxa2 25. Rxb8 Bxb8 26. Qxb8 Qa5 27.
Nc5 Rc7 28. b4 Qb6 29. Qd8 Rc6 30. Qe8 Rc7 31. Nd7 Qxb4 32. Nf8+ Kh6 33. Nxe6
Rc1+ 34. Kg2 1-0

[Event "NOR ch"]
[Site "Fredrikstad"]
[Date "2003.07.05"]
[Round "1"]
[White "Bae, Torstein"]
[Black "Lahlum, Hans Olav"]
[Result "1/2-1/2"]
[WhiteElo "2350"]
[BlackElo "2244"]
[PlyCount "99"]
[EventDate "2003.07.??"]

1. Nf3 d5 2. d4 e6 3. c4 c6 4. e3 Nf6 5. Bd3 Nbd7 6. O-O dxc4 7. Bxc4 b5 8. Bd3
Bb7 9. e4 a6 10. a4 b4 11. Nbd2 Be7 12. Nc4 c5 13. e5 Nd5 14. Ng5 N5b6 15. Qg4
Nxc4 16. Bxc4 h5 17. Qg3 Nf8 18. dxc5 Bxc5 19. Be3 Qe7 20. Bxc5 Qxc5 21. Qf4
Qe7 22. Bd3 Ng6 23. Qe3 Rd8 24. Rad1 O-O 25. f4 Rd5 26. Ne4 Rfd8 27. Nd6 Bc6
28. b3 a5 29. Rd2 Nf8 30. Rfd1 Nd7 31. Bc4 Rxd2 32. Rxd2 Ra8 33. f5 Nf8 34. Rf2
Qa7 35. Qg5 Qd4 36. f6 Qd1+ 37. Rf1 Qd4+ 38. Kh1 Qg4 39. Qxg7+ Qxg7 40. fxg7
Ng6 41. Nxf7 Kxg7 42. Bxe6 Re8 43. Bc4 Nxe5 44. Nxe5 Rxe5 45. Rd1 Rc5 46. Rd4
Rg5 47. Bf1 Rc5 48. Bc4 Rg5 49. Rd2 Rc5 50. Rd4 1/2-1/2

[Event "NOR ch"]
[Site "Fredrikstad"]
[Date "2003.07.05"]
[Round "1"]
[White "Nordahl, Helge A"]
[Black "Kristensen, Bjarke"]
[Result "1/2-1/2"]
[WhiteElo "2325"]
[BlackElo "2370"]
[PlyCount "103"]
[EventDate "2003.07.??"]

1. d4 Nf6 2. c4 e6 3. Nf3 d5 4. Nc3 Be7 5. Bg5 Nbd7 6. e3 h6 7. Bh4 O-O 8. cxd5
Nxd5 9. Bxe7 Qxe7 10. Bd3 Nxc3 11. bxc3 e5 12. e4 c5 13. dxe5 Rd8 14. e6 Qxe6
15. Qc2 c4 16. Nd4 cxd3 17. Nxe6 dxc2 18. Nxd8 Nc5 19. Kd2 Nxe4+ 20. Kxc2 Bf5
21. g4 Bxg4 22. Nxb7 Bf5 23. Kc1 Rc8 24. f3 Rxc3+ 25. Kb2 Rxf3 26. Rhf1 Nf2 27.
Nc5 Bh3 28. Rfe1 Rf5 29. Re2 g5 30. Rc1 Kg7 31. Rcc2 Rxc5 32. Rxf2 Rb5+ 33. Kc3
Be6 34. Rb2 Rc5+ 35. Kd4 Rd5+ 36. Kc3 Rc5+ 37. Kd4 Rd5+ 38. Kc3 Kg6 39. Rfd2
Rf5 40. Rf2 Re5 41. Rb7 Ra5 42. Kb4 Rxa2 43. Rxa2 Bxa2 44. Rxa7 Be6 45. Kc3 Kf5
46. Ra4 h5 47. Kd2 h4 48. Ke3 Bd5 49. Kd4 Be6 50. Ke3 Bd5 51. Kd4 Be6 52. Ke3
1/2-1/2

[Event "NOR ch"]
[Site "Fredrikstad"]
[Date "2003.07.05"]
[Round "1"]
[White "Lie, Kjetil A"]
[Black "Hansen, Torbjorn R"]
[Result "0-1"]
[WhiteElo "2477"]
[BlackElo "2308"]
[PlyCount "100"]
[EventDate "2003.07.??"]

1. c4 Nf6 2. g3 c5 3. Bg2 d5 4. cxd5 Nxd5 5. Nc3 Nc7 6. Nf3 Nc6 7. O-O e5 8.
Ne1 Be7 9. Nd3 f6 10. Bxc6+ bxc6 11. Qa4 O-O 12. Qxc6 Rb8 13. b3 Bb7 14. Qa4
Kh8 15. Ba3 Ne6 16. Qc4 Qc8 17. Nd5 Nd4 18. f3 Bd6 19. Rae1 Rd8 20. Bb2 Bf8 21.
e4 Ba6 22. Qc3 Qc6 23. Rf2 Rxd5 24. exd5 Qxd5 25. Nc1 c4 26. bxc4 Bxc4 27. Kg2
Bb4 28. Qe3 Nc2 29. Qe4 Nxe1+ 30. Qxe1 Bc5 31. d4 exd4 32. Nb3 Bxb3 33. axb3
Qxb3 34. Qa5 Qb6 35. Qxb6 Rxb6 36. Rd2 Rd6 37. Rc2 Bb6 38. Rc8+ Rd8 39. Rxd8+
Bxd8 40. Bxd4 Bb6 41. Bc3 Kg8 42. f4 f5 43. Kf3 Kf7 44. Ke2 g6 45. Kd3 h5 46.
Be1 Ke6 47. Kc4 Bg1 48. h3 Bb6 49. h4 Bg1 50. Bf2 Bxf2 0-1

[Event "NOR ch"]
[Site "Fredrikstad"]
[Date "2003.07.05"]
[Round "1"]
[White "Moen, Andreas G R"]
[Black "Dannevig, Oystein"]
[Result "0-1"]
[WhiteElo "2202"]
[BlackElo "2335"]
[PlyCount "94"]
[EventDate "2003.07.??"]

1. d4 Nf6 2. c4 c5 3. Nf3 cxd4 4. Nxd4 e6 5. Nc3 Nc6 6. e4 Bb4 7. Nxc6 bxc6 8.
Qc2 e5 9. Be2 O-O 10. O-O Be7 11. Rd1 Bc5 12. Na4 Bd4 13. c5 Bb7 14. Be3 Bxe3
15. fxe3 Qc8 16. Qc4 Qc7 17. Rd2 a5 18. Qc2 Ba6 19. Nb6 Ra7 20. Bxa6 Rxa6 21.
Rad1 Rd8 22. Rd6 Ra7 23. Qc4 h6 24. h3 Qb8 25. b3 Rc7 26. Kh2 Qa7 27. Rf1 Re8
28. Rf5 Re6 29. g4 Rxd6 30. cxd6 Rb7 31. Nc8 Qxe3 32. Ne7+ Kf8 33. Qf1 Qd2+ 34.
Rf2 Qxd6 35. Nf5 Qe6 36. Nxh6 d5 37. exd5 cxd5 38. Nf5 e4 39. Rc2 d4 40. Qe1 d3
41. Rc4 g6 42. Ne3 Rd7 43. Qxa5 d2 44. g5 Qd6+ 45. Kg2 d1=Q 46. Nxd1 Qxd1 47.
Qa8+ Ne8 0-1

[Event "NOR ch"]
[Site "Fredrikstad"]
[Date "2003.07.05"]
[Round "1"]
[White "Hersvik, Daniel"]
[Black "Johannessen, Leif Erlend"]
[Result "0-1"]
[WhiteElo "2274"]
[BlackElo "2489"]
[PlyCount "72"]
[EventDate "2003.07.??"]

1. e4 e6 2. d4 d5 3. Nc3 Bb4 4. e5 c5 5. a3 Bxc3+ 6. bxc3 Qc7 7. Qg4 f5 8. Qg3
cxd4 9. cxd4 Ne7 10. Bd2 O-O 11. Bd3 b6 12. Ne2 Ba6 13. Nf4 Qd7 14. h4 Bxd3 15.
Qxd3 Rc8 16. Rh3 Rc4 17. Nh5 Nbc6 18. c3 Kh8 19. Rg3 Ng6 20. Bg5 Rf8 21. Qd2
Qf7 22. Nf4 Nxf4 23. Qxf4 Rc8 24. Qf3 Na5 25. h5 Rxc3 26. Qxc3 Rxc3 27. Rxc3 h6
28. Bd2 Qxh5 29. Rac1 Nc4 30. g3 Qg4 31. Be3 g5 32. Rd1 f4 33. Bc1 f3 34. Rdd3
Qe4+ 35. Be3 Kh7 36. Kd1 Nb2+ 0-1

[Event "NOR ch"]
[Site "Fredrikstad"]
[Date "2003.07.05"]
[Round "1"]
[White "Ekeberg, Carl F"]
[Black "Fyllingen, Roy H"]
[Result "0-1"]
[WhiteElo "2240"]
[BlackElo "2336"]
[PlyCount "70"]
[EventDate "2003.07.??"]

1. c4 Nf6 2. g3 e6 3. Bg2 c5 4. Nf3 Nc6 5. O-O b6 6. d4 Bb7 7. Nc3 Nxd4 8. Nxd4
Bxg2 9. Nxe6 fxe6 10. Kxg2 d5 11. cxd5 exd5 12. Bg5 d4 13. Bxf6 gxf6 14. Ne4
Qd5 15. f3 Bg7 16. Qb3 Qxb3 17. axb3 O-O 18. Ra6 f5 19. Nd6 Rf6 20. Nb5 Re8 21.
Rxa7 Rxe2+ 22. Rf2 Re3 23. b4 Rb3 24. Nc7 Rf7 25. bxc5 bxc5 26. Ra8+ Rf8 27.
Ra5 c4 28. Nd5 d3 29. Ra4 Rd8 30. Ne3 Bd4 31. Nd1 Bxf2 32. Kxf2 Re8 33. Rxc4
Re2+ 34. Kf1 Rxh2 35. Ke1 d2+ 0-1

[Event "NOR ch"]
[Site "Fredrikstad"]
[Date "2003.07.05"]
[Round "1"]
[White "Trygstad, Kristian D"]
[Black "Christenson, Flemming"]
[Result "1-0"]
[WhiteElo "2338"]
[BlackElo "2272"]
[PlyCount "67"]
[EventDate "2003.07.??"]

1. e4 e5 2. Nf3 Nf6 3. Nxe5 d6 4. Nf3 Nxe4 5. d4 d5 6. Bd3 Nc6 7. O-O Bg4 8.
Re1 Be7 9. c3 Nf6 10. Nbd2 O-O 11. Nf1 Bh5 12. Ng3 Bg6 13. Ne5 Nxe5 14. dxe5
Ne8 15. f4 Bc5+ 16. Be3 Bxd3 17. Bxc5 Ba6 18. Bxf8 Kxf8 19. Qh5 Kg8 20. f5 f6
21. Rad1 c6 22. e6 Nd6 23. Rd4 Qe8 24. Qh3 Rc8 25. Rh4 h6 26. Nh5 Qe7 27. Nxg7
Ne4 28. Rg4 Qc5+ 29. Qe3 Qxe3+ 30. Rxe3 Kf8 31. Nh5 Ke7 32. Rg7+ Kd6 33. Rd7+
Ke5 34. e7 1-0

[Event "NOR ch"]
[Site "Fredrikstad"]
[Date "2003.07.06"]
[Round "2"]
[White "Christenson, Flemming"]
[Black "Lie, Kjetil A"]
[Result "1-0"]
[WhiteElo "2272"]
[BlackElo "2477"]
[PlyCount "45"]
[EventDate "2003.07.??"]

1. Nf3 g6 2. d4 Nf6 3. Bg5 Bg7 4. Nbd2 O-O 5. e4 d5 6. exd5 Nxd5 7. c3 c5 8.
dxc5 Qc7 9. Bc4 Qxc5 10. O-O Nb6 11. Bb3 Bf5 12. Re1 Nc6 13. Qe2 Qa5 14. Nc4
Nxc4 15. Qxc4 e5 16. Qh4 Qc7 17. Bh6 Bxh6 18. Qxh6 Kh8 19. Rad1 Bg4 20. Ng5 f6
21. Ne6 Bxe6 22. Bxe6 Rad8 23. Rd7 1-0

[Event "NOR ch"]
[Site "Fredrikstad"]
[Date "2003.07.06"]
[Round "2"]
[White "Fyllingen, Roy H"]
[Black "Johannessen, Leif Erlend"]
[Result "1/2-1/2"]
[WhiteElo "2336"]
[BlackElo "2489"]
[PlyCount "56"]
[EventDate "2003.07.??"]

1. d4 e6 2. Nf3 Nf6 3. c4 d5 4. Bg5 Be7 5. Nc3 h6 6. Bh4 O-O 7. e3 b6 8. Bd3
Bb7 9. O-O Nbd7 10. Rc1 c5 11. cxd5 Nxd5 12. Bg3 cxd4 13. exd4 a6 14. Re1 N7f6
15. Bb1 Nxc3 16. bxc3 Ba3 17. Rc2 Be4 18. Bh4 Bf5 19. Ne5 Re8 20. Re3 Rc8 21.
Rg3 Be7 22. Rb2 b5 23. h3 Bxb1 24. Qxb1 Rf8 25. Qd3 Nd5 26. Bxe7 Qxe7 27. Qd2
Kh7 28. a4 Qa7 1/2-1/2

[Event "NOR ch"]
[Site "Fredrikstad"]
[Date "2003.07.06"]
[Round "2"]
[White "Dannevig, Oystein"]
[Black "Djurhuus, Rune"]
[Result "1-0"]
[WhiteElo "2335"]
[BlackElo "2541"]
[PlyCount "81"]
[EventDate "2003.07.??"]

1. e4 e6 2. d4 d5 3. exd5 exd5 4. Nf3 Bd6 5. c4 c6 6. Nc3 Ne7 7. Bd3 dxc4 8.
Bxc4 O-O 9. O-O Nd7 10. Bg5 Nb6 11. Bb3 Kh8 12. Bxe7 Qxe7 13. Re1 Qc7 14. Qd3
Bg4 15. Ne5 Bxe5 16. Rxe5 Rae8 17. Rae1 Rxe5 18. Rxe5 Nc8 19. Qe4 Qd7 20. h3 f6
21. Rc5 f5 22. Qe6 Qxe6 23. Bxe6 Bh5 24. Rxf5 Rxf5 25. Bxf5 Nd6 26. Be6 g5 27.
f3 Bg6 28. Kf2 Kg7 29. g4 Kf6 30. Bb3 h6 31. Ke3 b6 32. Ne4+ Nxe4 33. fxe4 Ke7
34. e5 Kd7 35. a3 Kc7 36. Bc4 Bh7 37. b4 Bg6 38. b5 cxb5 39. Bxb5 Bf7 40. Ke4
Bg6+ 41. Kd5 1-0

[Event "NOR ch"]
[Site "Fredrikstad"]
[Date "2003.07.06"]
[Round "2"]
[White "Ekeberg, Carl F"]
[Black "Hersvik, Daniel"]
[Result "1-0"]
[WhiteElo "2240"]
[BlackElo "2274"]
[PlyCount "125"]
[EventDate "2003.07.??"]

1. Nf3 c5 2. c4 Nc6 3. d4 cxd4 4. Nxd4 g6 5. e4 Bg7 6. Be3 Nf6 7. Nc3 d6 8. Be2
O-O 9. O-O Bd7 10. Qd2 Qa5 11. f3 Rfc8 12. Rfc1 Rab8 13. a3 Nh5 14. b4 Qd8 15.
Nxc6 bxc6 16. Bxa7 Rb7 17. Be3 Be6 18. b5 cxb5 19. Rab1 Bxc4 20. Bxc4 Rxc4 21.
Nxb5 Ra4 22. Qc2 Ra8 23. a4 Qa5 24. Qc6 Rab8 25. Qc4 Ra8 26. Qc6 Rab8 27. Qc4
Be5 28. g3 Nf6 29. Bf2 Nd7 30. Be1 Qa6 31. Bf2 Nb6 32. Bxb6 Qxb6+ 33. Kg2 Qe3
34. Re1 Qd2+ 35. Re2 Qa5 36. Rc1 Ra8 37. Qd5 Rbb8 38. Rc4 h5 39. Kh3 Rc8 40.
Rec2 Rxc4 41. Rxc4 Kg7 42. Qd1 Bf6 43. Nc7 Rh8 44. Nd5 g5 45. Nxf6 Kxf6 46.
Qd4+ Qe5 47. f4 gxf4 48. gxf4 Qxd4 49. Rxd4 Ra8 50. Kh4 Ke6 51. h3 f5 52. Rb4
Kf6 53. Rd4 Rg8 54. exf5 Kxf5 55. a5 Ra8 56. Ra4 e5 57. fxe5 dxe5 58. a6 Ra7
59. Kg3 Kg5 60. Kf3 Kf5 61. Ke3 h4 62. Kf3 Ke6 63. Rxh4 1-0

[Event "NOR ch"]
[Site "Fredrikstad"]
[Date "2003.07.06"]
[Round "2"]
[White "Gabrielsen, Stig"]
[Black "Lie, Espen"]
[Result "1-0"]
[WhiteElo "2248"]
[BlackElo "2311"]
[PlyCount "99"]
[EventDate "2003.07.??"]

1. e4 e5 2. Nf3 Nc6 3. Bb5 a6 4. Ba4 Nf6 5. O-O b5 6. Bb3 Be7 7. a4 b4 8. Re1
O-O 9. a5 Rb8 10. d4 Nxd4 11. Nxd4 exd4 12. e5 Ne8 13. Qxd4 c5 14. Qd3 d6 15.
Bf4 dxe5 16. Qxd8 Bxd8 17. Bxe5 Rb7 18. Nd2 Bc7 19. Bd5 Ra7 20. Nb3 Bxe5 21.
Rxe5 Rc7 22. Rae1 Nd6 23. Re7 Bd7 24. c3 Nf5 25. R7e5 bxc3 26. bxc3 c4 27. Nd2
Nd6 28. Nf3 g6 29. Nd4 Nb5 30. Nxb5 Bxb5 31. Rd1 Rd7 32. Rd4 Rfd8 33. g4 Kg7
34. g5 Rc7 35. f4 f6 36. gxf6+ Kxf6 37. Kf2 Rd6 38. Ke3 Rc5 39. Bg8 Rxe5+ 40.
fxe5+ Kxe5 41. Rxd6 Kxd6 42. Bxh7 Be8 43. Kf4 Kc5 44. Kg5 Kb5 45. Bxg6 Bc6 46.
h4 Bf3 47. Kf4 Bd5 48. h5 Bg8 49. h6 Kxa5 50. Ke5 1-0

[Event "NOR ch"]
[Site "Fredrikstad"]
[Date "2003.07.06"]
[Round "2"]
[White "Hole, Oystein"]
[Black "Moen, Andreas G R"]
[Result "1/2-1/2"]
[WhiteElo "2310"]
[BlackElo "2202"]
[PlyCount "61"]
[EventDate "2003.07.??"]

1. Nf3 d6 2. d4 Nf6 3. c4 g6 4. Nc3 Bg7 5. e4 O-O 6. Be2 e5 7. O-O Na6 8. Rb1
exd4 9. Nxd4 Nc5 10. f3 a5 11. Be3 Ne6 12. Qd2 Nd7 13. f4 Nec5 14. f5 Nf6 15.
Bf3 Re8 16. Rbe1 Nfxe4 17. Nxe4 Nxe4 18. Bxe4 Rxe4 19. Bg5 Bxd4+ 20. Qxd4 Rxd4
21. Bxd8 Bd7 22. Bxc7 Rxc4 23. Bxd6 Bxf5 24. Be5 Re4 25. Bc3 a4 26. Rxe4 Bxe4
27. Rd1 h6 28. a3 Re8 29. Kf2 Bc6 30. Bf6 g5 31. Rd8 1/2-1/2

[Event "NOR ch"]
[Site "Fredrikstad"]
[Date "2003.07.06"]
[Round "2"]
[White "Hansen, Torbjorn R"]
[Black "Trygstad, Kristian D"]
[Result "1/2-1/2"]
[WhiteElo "2308"]
[BlackElo "2338"]
[PlyCount "53"]
[EventDate "2003.07.??"]

1. Nf3 Nf6 2. g3 g6 3. b4 d5 4. Bb2 Bg7 5. d3 O-O 6. Bg2 c6 7. O-O a5 8. a3
axb4 9. axb4 Rxa1 10. Bxa1 Na6 11. c3 Qd6 12. Nbd2 e5 13. e4 Re8 14. Re1 Qd8
15. h3 dxe4 16. dxe4 b5 17. Qe2 Qc7 18. Rc1 c5 19. Qxb5 cxb4 20. Bb2 bxc3 21.
Bxc3 Qb7 22. Bf1 Nd7 23. Bb2 Nab8 24. h4 Qxb5 25. Bxb5 Ba6 26. Ba4 Rc8 27.
Rxc8+ 1/2-1/2

[Event "NOR ch"]
[Site "Fredrikstad"]
[Date "2003.07.07"]
[Round "3"]
[White "Djurhuus, Rune"]
[Black "Gabrielsen, Stig"]
[Result "1-0"]
[WhiteElo "2541"]
[BlackElo "2248"]
[PlyCount "67"]
[EventDate "2003.07.??"]

1. d4 Nf6 2. c4 c5 3. d5 b5 4. cxb5 a6 5. bxa6 Bxa6 6. g3 d6 7. Bg2 g6 8. b3
Nbd7 9. Bb2 Bg7 10. Nh3 O-O 11. O-O Qb8 12. Bc3 Nb6 13. a4 Bc8 14. Nf4 g5 15.
Nd3 Nbxd5 16. Bxd5 Nxd5 17. Bxg7 Kxg7 18. Nxc5 Nf6 19. Nd3 Bb7 20. Nd2 Qc8 21.
f3 g4 22. Nc4 Qf5 23. Qd2 h5 24. Qf4 Qg6 25. Ne3 Bc8 26. Qd4 Rh8 27. fxg4 hxg4
28. Rf2 Qh6 29. Nd5 e5 30. Nxe5 dxe5 31. Qxe5 Ra6 32. Nxf6 Rxf6 33. Raf1 Bf5
34. h4 1-0

[Event "NOR ch"]
[Site "Fredrikstad"]
[Date "2003.07.07"]
[Round "3"]
[White "Dannevig, Oystein"]
[Black "Ostenstad, Berge"]
[Result "1/2-1/2"]
[WhiteElo "2335"]
[BlackElo "2487"]
[PlyCount "23"]
[EventDate "2003.07.??"]

1. e4 e6 2. d4 d5 3. exd5 exd5 4. Nf3 Nf6 5. Bd3 Bd6 6. O-O O-O 7. Bg5 Bg4 8.
c3 Nbd7 9. Nbd2 c6 10. Qc2 Qc7 11. Rae1 Bh5 12. Bh4 1/2-1/2

[Event "NOR ch"]
[Site "Fredrikstad"]
[Date "2003.07.07"]
[Round "3"]
[White "Lahlum, Hans Olav"]
[Black "Ekeberg, Carl F"]
[Result "1/2-1/2"]
[WhiteElo "2244"]
[BlackElo "2240"]
[PlyCount "42"]
[EventDate "2003.07.??"]

1. d4 Nf6 2. c4 e6 3. Nc3 Bb4 4. Qc2 O-O 5. a3 Bxc3+ 6. Qxc3 b6 7. Bg5 Bb7 8.
Nf3 d6 9. Nd2 Nbd7 10. f3 h6 11. Bh4 c5 12. dxc5 bxc5 13. e3 Qb6 14. Be2 a5 15.
b3 d5 16. Bf2 Bc6 17. O-O Rfb8 18. Rfb1 Rb7 19. Ra2 Rab8 20. Rab2 Qa7 21. Bd3
Rb6 1/2-1/2

[Event "NOR ch"]
[Site "Fredrikstad"]
[Date "2003.07.07"]
[Round "3"]
[White "Bae, Torstein"]
[Black "Hole, Oystein"]
[Result "1/2-1/2"]
[WhiteElo "2350"]
[BlackElo "2310"]
[PlyCount "89"]
[EventDate "2003.07.??"]

1. g3 d5 2. Bg2 Nf6 3. Nf3 c6 4. O-O Bf5 5. d3 h6 6. b3 e6 7. Bb2 Be7 8. Nbd2
O-O 9. Re1 Bh7 10. e4 dxe4 11. dxe4 Nbd7 12. Qe2 Qc7 13. e5 Nd5 14. Ne4 Bb4 15.
Rf1 Rfd8 16. c4 N5b6 17. Rad1 a5 18. a4 Nc5 19. Nxc5 Bxc5 20. Bc3 Nd7 21. Qb2
Bb4 22. Rd6 Bxd6 23. exd6 Qxd6 24. Bxg7 Qd3 25. Bxh6 f6 26. Be3 Kf7 27. Bh3 Bf5
28. Ne1 Qb1 29. Qxb1 Bxb1 30. Nf3 Bd3 31. Re1 c5 32. Rc1 b6 33. Bg2 Rac8 34. h4
Bf5 35. h5 Rh8 36. h6 Ke7 37. Nh4 Bh7 38. f4 Bd3 39. Rc3 Bb1 40. Rc1 Bd3 41.
Rd1 Bc2 42. Rd2 Bb1 43. Rd1 Bc2 44. Rd2 Bb1 45. Rd1 1/2-1/2

[Event "NOR ch"]
[Site "Fredrikstad"]
[Date "2003.07.07"]
[Round "3"]
[White "Hersvik, Daniel"]
[Black "Lie, Kjetil A"]
[Result "0-1"]
[WhiteElo "2274"]
[BlackElo "2477"]
[PlyCount "120"]
[EventDate "2003.07.??"]

1. e4 c5 2. Nf3 d6 3. d4 cxd4 4. Nxd4 Nf6 5. Nc3 e6 6. Bg5 h6 7. Be3 Nc6 8. Be2
Be7 9. Qd2 a6 10. O-O-O Qc7 11. f4 Bd7 12. g4 b5 13. Bf3 Rc8 14. g5 hxg5 15.
fxg5 Nh5 16. Nxc6 Bxc6 17. Ne2 g6 18. Ng3 Ng7 19. h4 e5 20. h5 gxh5 21. Rh4 Bd7
22. Nxh5 Nxh5 23. Bxh5 Be6 24. Rdh1 Rg8 25. Bg4 Bxg4 26. Rxg4 Qc4 27. b3 Qc3
28. Qxc3 Rxc3 29. Kd2 b4 30. a3 a5 31. axb4 axb4 32. Ra1 Kd7 33. Ra4 Rgc8 34.
Rxb4 Rxc2+ 35. Kd1 Rh2 36. g6 fxg6 37. Rxg6 Rf8 38. Rg1 Rf3 39. Re1 Bh4 40. Re2
Rhh3 41. Bd2 Rxb3 42. Rxb3 Rxb3 43. Rh2 Bd8 44. Ke2 Kc6 45. Rh8 Bb6 46. Rc8+
Kd7 47. Rh8 Bc5 48. Rh7+ Kc6 49. Rf7 Rh3 50. Rf3 Rh4 51. Kd3 Kb5 52. Rg3 Rh1
53. Rf3 Ra1 54. Bg5 Ra3+ 55. Ke2 Ra4 56. Rb3+ Kc4 57. Rg3 Ra2+ 58. Kf3 Kd3 59.
Rg4 Rf2+ 60. Kg3 Rf1 0-1

[Event "NOR ch"]
[Site "Fredrikstad"]
[Date "2003.07.07"]
[Round "3"]
[White "Lie, Espen"]
[Black "Moen, Andreas G R"]
[Result "1-0"]
[WhiteElo "2311"]
[BlackElo "2202"]
[PlyCount "83"]
[EventDate "2003.07.??"]

1. c4 Nf6 2. g3 c6 3. Bg2 d5 4. Nf3 Bf5 5. cxd5 cxd5 6. Qb3 Qb6 7. Qxb6 axb6 8.
Nc3 Bd7 9. Ne5 Bc6 10. d4 e6 11. Bf4 Nbd7 12. Nd3 b5 13. f3 b4 14. Nd1 Bb5 15.
Kd2 Nb8 16. Bxb8 Rxb8 17. Ne3 Nd7 18. Nc2 Bxd3 19. Kxd3 Nb6 20. Ne3 Be7 21. f4
h5 22. f5 Kd7 23. a3 bxa3 24. bxa3 Na4 25. Rhb1 Rhc8 26. Rb3 Rc6 27. Bh3 Ke8
28. Ng2 Bg5 29. fxe6 fxe6 30. e4 dxe4+ 31. Kxe4 Nc3+ 32. Kd3 Nd5 33. Re1 Kf7
34. Re5 Bf6 35. Bxe6+ Rxe6 36. Rxd5 b6 37. Nf4 Re1 38. Nxh5 Rd1+ 39. Kc2 Rh1
40. h4 Rh2+ 41. Kd3 Bxh4 42. gxh4 1-0

[Event "NOR ch"]
[Site "Fredrikstad"]
[Date "2003.07.07"]
[Round "3"]
[White "Nordahl, Helge A"]
[Black "Christenson, Flemming"]
[Result "0-1"]
[WhiteElo "2325"]
[BlackElo "2272"]
[PlyCount "80"]
[EventDate "2003.07.??"]

1. d4 d5 2. c4 e6 3. Nc3 c6 4. Nf3 dxc4 5. a4 Bb4 6. e3 b5 7. Bd2 a5 8. axb5
Bxc3 9. Bxc3 cxb5 10. b3 Bb7 11. bxc4 b4 12. Bb2 Nf6 13. Bd3 Nbd7 14. O-O O-O
15. Qc2 Qc7 16. c5 h6 17. e4 Rfe8 18. Nd2 Bc6 19. Nc4 a4 20. Nd6 Reb8 21. Bc4
Nf8 22. f4 Ne8 23. Nxf7 a3 24. f5 b3 25. Bxb3 Qb7 26. Bxe6 Nxe6 27. fxe6 Bxe4
28. Qf2 axb2 29. Nxh6+ gxh6 30. Rxa8 Rxa8 31. c6 Qg7 32. Qxb2 Bxc6 33. Qf2 Bd5
34. e7 Qxe7 35. Qf5 Bf7 36. d5 Rd8 37. Qg4+ Kh7 38. Qf5+ Bg6 39. Qf3 Qc5+ 40.
Qf2 Rxd5 0-1

[Event "NOR ch"]
[Site "Fredrikstad"]
[Date "2003.07.07"]
[Round "3"]
[White "Trygstad, Kristian D"]
[Black "Kristensen, Bjarke"]
[Result "1/2-1/2"]
[WhiteElo "2338"]
[BlackElo "2370"]
[PlyCount "56"]
[EventDate "2003.07.??"]

1. e4 c5 2. Nf3 Nc6 3. d4 cxd4 4. Nxd4 g6 5. c4 Bg7 6. Be3 Nf6 7. Nc3 Ng4 8.
Qxg4 Nxd4 9. Qd1 Ne6 10. Qd2 Qa5 11. Rc1 b6 12. Be2 Bb7 13. f3 g5 14. O-O h5
15. Rfd1 d6 16. Nd5 Qxd2 17. Rxd2 Rc8 18. Rcc2 h4 19. b4 Be5 20. a4 f6 21. Ra2
Bxd5 22. cxd5 Bf4 23. Bb5+ Kf8 24. Bxf4 Rc1+ 25. Bf1 Nxf4 26. Rdc2 Rb1 27. Rab2
Ra1 28. Ra2 Rb1 1/2-1/2

[Event "NOR ch"]
[Site "Fredrikstad"]
[Date "2003.07.07"]
[Round "3"]
[White "Johannessen, Leif Erlend"]
[Black "Hansen, Torbjorn R"]
[Result "0-1"]
[WhiteElo "2489"]
[BlackElo "2308"]
[PlyCount "62"]
[EventDate "2003.07.??"]

1. Nf3 f5 2. g3 Nf6 3. Bg2 g6 4. O-O Bg7 5. d4 O-O 6. c4 d6 7. Nc3 c6 8. d5 e5
9. dxe6 Bxe6 10. Qd3 Ng4 11. b3 Na6 12. e3 d5 13. cxd5 Nb4 14. Qd2 Nxd5 15. Nd4
Nxc3 16. Qxc3 Bd5 17. f3 Rc8 18. b4 Ne5 19. Qc2 h5 20. Rd1 Qe7 21. Rb1 h4 22.
a4 Rfd8 23. Qf2 hxg3 24. Qxg3 Qf7 25. Qf2 a5 26. bxa5 c5 27. Nb5 Ba2 28. Rxd8+
Rxd8 29. Ra1 Nxf3+ 30. Qxf3 Bxa1 31. Qxb7 Qc4 0-1

[Event "NOR ch"]
[Site "Fredrikstad"]
[Date "2003.07.07"]
[Round "4"]
[White "Fyllingen, Roy H"]
[Black "Trygstad, Kristian D"]
[Result "1/2-1/2"]
[WhiteElo "2336"]
[BlackElo "2338"]
[PlyCount "70"]
[EventDate "2003.07.??"]

1. d4 Nf6 2. c4 g6 3. Nc3 Bg7 4. e4 d6 5. Be2 O-O 6. Bg5 Na6 7. h4 e5 8. d5 h6
9. Be3 c6 10. Qd2 cxd5 11. cxd5 Nc5 12. f3 Qa5 13. Rb1 Qb4 14. a3 Qb3 15. Bxh6
Nh5 16. Bxg7 Kxg7 17. g4 Nf4 18. Nh3 Nxe2 19. Qxe2 b6 20. Nf2 Ba6 21. Qd2 Rac8
22. h5 Rh8 23. h6+ Kh7 24. Qg5 Nd7 25. Qe7 Rhf8 26. Nh3 Qc2 27. Ng5+ Kg8 28.
Qxd7 Qg2 29. h7+ Kh8 30. Nxf7+ Rxf7 31. Qxf7 Qxh1+ 32. Kf2 Qh2+ 33. Ke1 Qg1+
34. Kd2 Qf2+ 35. Kd1 Qf1+ 1/2-1/2

[Event "NOR ch"]
[Site "Fredrikstad"]
[Date "2003.07.07"]
[Round "4"]
[White "Kristensen, Bjarke"]
[Black "Dannevig, Oystein"]
[Result "1-0"]
[WhiteElo "2370"]
[BlackElo "2335"]
[PlyCount "71"]
[EventDate "2003.07.??"]

1. d4 Nf6 2. Nf3 c5 3. d5 e6 4. Nc3 exd5 5. Nxd5 Nxd5 6. Qxd5 Be7 7. Bg5 Nc6 8.
e3 O-O 9. Bd3 g6 10. Bh6 Nb4 11. Qe5 f6 12. Qc3 Nxd3+ 13. Qxd3 Rf7 14. c4 b5
15. O-O bxc4 16. Qxc4 d5 17. Qc3 Qb6 18. Rfd1 Be6 19. Bf4 a5 20. h3 Bf8 21. a3
a4 22. Rd3 Ra5 23. Rad1 Rb5 24. R3d2 Rb3 25. Qc2 Rb7 26. Rxd5 Bxd5 27. Rxd5 Qb5
28. Rd8 Rd7 29. Rc8 g5 30. Nxg5 fxg5 31. Qf5 Rf7 32. Qxg5+ Rg7 33. Qd5+ Rf7 34.
Bh6 Qb8 35. Qg5+ Rg7 36. Qxg7# 1-0

[Event "NOR ch"]
[Site "Fredrikstad"]
[Date "2003.07.07"]
[Round "4"]
[White "Johannessen, Leif Erlend"]
[Black "Lahlum, Hans Olav"]
[Result "1-0"]
[WhiteElo "2489"]
[BlackElo "2244"]
[PlyCount "79"]
[EventDate "2003.07.??"]

1. Nf3 d5 2. d4 e6 3. c4 c6 4. e3 Nf6 5. Bd3 Nbd7 6. O-O dxc4 7. Bxc4 b5 8. Bd3
Bb7 9. e4 a6 10. a4 b4 11. e5 Nd5 12. Ng5 Be7 13. Qh5 g6 14. Qh6 Bf8 15. Qh3
Be7 16. Ne4 Qb6 17. Be3 a5 18. Nbd2 Ba6 19. Bxa6 Qxa6 20. Bh6 O-O-O 21. Rac1
Kb8 22. Nc4 c5 23. Ncd6 f5 24. Nxc5 Nxc5 25. dxc5 Rhg8 26. f4 Qc6 27. Bg5 h5
28. Qd3 Bxg5 29. fxg5 Nc7 30. Rfd1 Rgf8 31. h4 Rd7 32. Qf3 Nd5 33. Nb5 Ne7 34.
Qxc6 Rxd1+ 35. Rxd1 Nxc6 36. Rd6 Nxe5 37. c6 Rc8 38. c7+ Kb7 39. Rxe6 Nc4 40.
b3 1-0

[Event "NOR ch"]
[Site "Fredrikstad"]
[Date "2003.07.07"]
[Round "4"]
[White "Hole, Oystein"]
[Black "Lie, Espen"]
[Result "1/2-1/2"]
[WhiteElo "2310"]
[BlackElo "2311"]
[PlyCount "66"]
[EventDate "2003.07.??"]

1. Nf3 Nf6 2. c4 e6 3. Nc3 c5 4. g3 Nc6 5. Bg2 d5 6. cxd5 exd5 7. d4 Be7 8. O-O
O-O 9. Bg5 c4 10. Ne5 Be6 11. e3 Ne8 12. Nxc6 bxc6 13. Bxe7 Qxe7 14. Na4 Rb8
15. b3 Nd6 16. Nc5 Bf5 17. Qc1 Rb4 18. Re1 a5 19. e4 dxe4 20. a3 Rbb8 21. bxc4
Rfe8 22. Qc3 h5 23. Nxe4 Nxe4 24. Bxe4 Bxe4 25. f3 f5 26. fxe4 fxe4 27. Re3 a4
28. Qc2 c5 29. Rae1 cxd4 30. Rxe4 Qd7 31. Qd3 Rxe4 32. Rxe4 Rb3 33. Qxd4 Qxd4+
1/2-1/2